Quizz Cars 1-2 - Statistiques

Statistiques générales
  • Ce quiz a été pris 626 fois
  • Le résultat moyen est 13 sur 23
Statistiques - réponses
Film Difficulté Question Réponse % Correct
Cars 1 Facile Comment s'appelle le depanneur, meilleur ami de Flash ? Martin
96%
Cars 1 Moyen Comment s'appelle le tournoi que Flash Mcqueen espère gagner ? Piston Cup
96%
Cars 1 Facile Quelle est le numero de l'autoroute mythique qui faisait autrefois de cette ville un point de passage ? 66
92%
Cars 1 Facile Comment s'appelle la porche, pour laquelle Flash commence à éprouver des sentiments ? Sally
90%
Cars 1 Moyen Comment s'appelle la ville sur laquelle il arrive, pensant suivre son camion ? Radiator Springs
88%
Cars 1 Moyen Comment se nomme l'ancien coureur, qui a profondément changé la mentalité de flash tout en lui enseignant ces secrets ? Doc Hudson
81%
Cars 2 Facile De quelle nationalité est le premier gagnant italien
69%
Cars 1 Difficile Comment s'appelle le concurent vert, malhonnête et frimeur qui bouscule les autres concurrents ? Chick Hicks
64%
Cars 2 Moyen Quel est le nom du carburant propre inventé par Miles Axelrod Allinol
61%
Cars 2 Moyen Dans quoi est caché le canon à ondes electromagnetiques qui fait exploser les concurrents ? Caméra
61%
Cars 2 Facile Où se situe la première course ? Tokyo
61%
Cars 2 Facile Dans quel batiment ont été enfermés les espions et le dépanneur Big Ben
56%
Cars 2 Facile Où se situe la dernière course ? Londres
56%
Cars 2 Facile Comment s'appelle l'agent secret anglais qui s'est rendu sur la plateforme pétrolière Finn Mcmissile
55%
Cars 2 Moyen Qui était finalement le grand organisateur et chef des pétroliers, qui a organisé les opérations ? Miles Axelrod
50%
Cars 1 Difficile Comment s'appelle le sponsor de Flash au début du 1, qu'il n'apprécie pas, et espère changer pour Dinoco ? Rusteeze
35%
Cars 1 Difficile Quel est le rêve du dépanneur que Flash a rendu réalité Voler
35%
Cars 2 Très Difficile Dans quelle bâtiment cachait la réunion des tacos ? Casino
33%
Cars 2 Difficile Quel est l'expression qui permet à martin de déclencher ses mitraillettes Saperlipopette
27%
Cars 2 Difficile Où se situe la deuxième course ? Porto Corsa
26%
Cars 2 Difficile Comment s'appelle le professeur, chef de l'organisation des petroliers sur lequel ouvre le film (pas d'accents) Zundapp
26%
Cars 1 Très Difficile Sur quelle musique se passe la scène mythique de ce film où Flash renonce à la victoire pour faire en sorte que The King finisse la course The Big Race
2%
Cars 2 Très Difficile Quelle est la musique principale du film sur laquelle il finit The Turbomater
1%
Aucun quiz correspondant
Distribution des résultats
% des personnes avec chaque résultat
Percentile par nombre de réponses
Votre historique - résultats
Vous n’avez pas pris ce quiz